| 000 | 00410nam a22001697a 4500 | ||
|---|---|---|---|
| 999 |
_c3809 _d3808 |
||
| 005 | 20211022102823.0 | ||
| 008 | 160624b xxu||||| |||| 00| 0 eng d | ||
| 020 | _a978-81-265-1372-7 | ||
| 041 | _aeng | ||
| 082 | _b9513 | ||
| 100 |
_aBatta E.S. & Sarin R. K. _9761 |
||
| 245 | _aModern Production Operations Management | ||
| 260 | _bWily India | ||
| 300 | _a803 | ||
| 650 |
_aManagement _9241 |
||
| 942 | _cBK | ||